000 00794cam a2200253 a 4500
001 1200795
005 20180308085026.0
008 981028s1999 nyua b 001 0 eng
010 _a 98049625
020 _a0762101318
040 _aDLC
_cDLC
_dDLC
041 _aeng
080 _a332.024 DIG
082 0 0 _a332.024 DIG
_221
100 _a57
101 _aBIZ
245 0 4 _aThe complete book of money secrets /
_cReader's Digest.
246 1 0 _aMoney secrets
504 _aIncludes bibliographical references and index.
906 _a7
_bcbc
_corignew
_d1
_eocip
_f19
_gy-gencatlg
942 _2ddc
_cBK
999 _c44509
_d44509